BYF Kangkap golden jubilee souvenir (Record no. 8918)

MARC details
000 -LEADER
fixed length control field 00377nam a22001457a 4500
003 - CONTROL NUMBER IDENTIFIER
control field GBCCL
005 - DATE AND TIME OF LATEST TRANSACTION
control field 20241126110701.0
008 - FIXED-LENGTH DATA ELEMENTS--GENERAL INFORMATION
fixed length control field 220128b ||||| |||| 00| 0 eng d
040 ## - CATALOGING SOURCE
Transcribing agency gbc
082 ## - DEWEY DECIMAL CLASSIFICATION NUMBER
Classification number SOU BYF
Item number 2020
245 ## - TITLE STATEMENT
Title BYF Kangkap golden jubilee souvenir
260 ## - PUBLICATION, DISTRIBUTION, ETC.
Place of publication, distribution, etc. Kangkap:
Name of publisher, distributor, etc. Golden jubilee celebration committee,
Date of publication, distribution, etc. 2020.
300 ## - PHYSICAL DESCRIPTION
Extent 85p. ;
942 ## - ADDED ENTRY ELEMENTS (KOHA)
Source of classification or shelving scheme Dewey Decimal Classification
Koha item type Archives
Holdings
Withdrawn status Lost status Source of classification or shelving scheme Damaged status Not for loan Home library Current Library Shelving location Date acquired Total checkouts Full call number Barcode Date last seen Copy number Price effective from Koha item type
    Dewey Decimal Classification     GRACE BIBLE COLLEGE GRACE BIBLE COLLEGE Archives 2022-01-28   SOU BYF 2020 250192 2025-05-01 c.1 2022-01-28 Archives
© Grace Bible College Library 2025